Responses for Show #2439 - Thursday, March 23, 1995

Contestants

[<< previous game]

Tove Abrams, a singer and videographer from West Sayville, New York

Bill Clarke, a sales manager from Sassamansville, Pennsylvania

Art Vespignani, a compliance officer from Lake Hiawatha, New Jersey (whose 2-day cash winnings total $29,699)

[next game >>]

Jeopardy! Round responses

1950
(Alex: That was a good year, wasn't it?)
SPORTS
FOOD
WORLD FACTS
FIRST NAMES
QUOTATIONS
    $100 7
the FBI

Art
    $100 23
tomahawk

Art
    $100 2
pearl onions

Art
    $100 1
Venezuela

Bill
    $100 16
Irish

Tove
    $100 20
Christopher Columbus

Tove
    $200 8
minimum wages

Tove
    $200 24
basketball

Bill
    $200 9
salmon

Tove
    $200 3
(Bill: What is a motto?)

its national anthem

Bill
Triple Stumper
    $200 17
Catherine

Bill
    $200 21
a jury

Bill
    $300 11
Brink's

Art
    $300 25
the British Open

Bill
    $300 10
ladyfingers

Art
    $300 4
Vatican City

Art
    $300 18
Elizabeth

Tove
    $300 22
[ERRATUM: Her speech actually read, "Say 'Yes' to your life...."]

Nancy Reagan

Art
    $400 12
Grandma Moses

Bill
    $400 26
Jackie Joyner-Kersee

Triple Stumper
    $400 14
pine nuts

Bill
    $400 5
(Bill: What is Saskatoon?)
(Art: Um... what is Ca--Edmonton?)
(Alex: No. Wrong province.)

Regina

ArtBill
Triple Stumper
    $400 19
(Art: What is Guitano?)

Guido

Art
Triple Stumper
    $400 27
business

Bill
    $500 13
(Bill: What is Italy?)

Belgium

Bill
    $500 29
Gordie Howe (or Bobby Hull)

Art
    $500 15
(Art: Uh... what is a grape?)

the orange

ArtBill
    $500 6
Kiev

Art
    $500 30
(Alex: Dame Nellie [*].)

Melba

Triple Stumper
    $500 28
Niagara Falls

Art

Scores at the first commercial break (after clue 15):

Art Bill Tove
$700 $300 $400

Scores at the end of the Jeopardy! Round:

Art Bill Tove
$1,700 $1,600 $900

Double Jeopardy! Round responses

PEOPLE IN HISTORY
FAMOUS WOMEN
BOOKS OF THE BIBLE
ASTRONOMY
TRAVEL & TOURISM
LITERATURE
    $200 6
pope

Art
    $200 25
Barbra Streisand

Art
    $200 11
Genesis

Art
    $200 1
the Milky Way

Bill
    $200 20
the Empire State Building

Bill
    $200 16
Herman Melville

Art
    $400 7
Billy the Kid

Art
    $400 26
(Bill: Who is Coco?)
...
(Alex: Coco is Chanel.)

Nina (Ricci)

Bill
Triple Stumper
    $400 12
the Psalms

Art
    $400 2
Mars

Bill
    $400 21
U.S. Grant

Bill
    $400 17
Madame Bovary

Art
    $600 8
the Neva River

Art
    $600 27
[Alex goes up a register and slightly hoarse for the last word of the clue.]
(Alex: Tried to help you out there. [Shifts back into his impression] "Walkies! With the do-ogs!" [*].)
[The end-of-round signal sounds.]

Barbara Woodhouse

Triple Stumper
    $600 13
(Art: What is Revelations?)
[Accepted without remark]

Revelation

Art
    $600 3
(Art: What was a star?)
(Alex: Be more exc... uh, be more specific.)
(Art: Uh, wh--what is a, um, a giant star?)
(Tove: What is a nova? A [*]?)

a supernova (or an exploding star)

ArtTove
    $600 22
(Bill: What is Dominican Republic?)
(Tove: What is Haiti?)

Trinidad

BillTove
Triple Stumper
    $600 18
Svengali

Art
    $800 9
Cortés

Bill
    $800 14
the Acts of the Apostles

Triple Stumper
    $800 4
new

Bill
    $800 23
(Art: What is Florence?)
...
(Alex: We have less than a minute to go, Bill.)

Venice

Art
Triple Stumper
    $800 19
Sherwood Anderson

Triple Stumper
    $1000 10
Sweden

Art
    $1,500 15
(Art: Uh, what is, um, Exodus?)

Numbers

Art
    $1000 5
7

Bill
    $1000 24
the Costa Brava

Art

Scores at the end of the Double Jeopardy! Round:

Art Bill Tove
$4,600 $4,400 $900

[wagering suggestions for these scores]

Final Jeopardy! Round responses

U.S. CITIES
ToveWhat is St. Augustine?
$100
BillWhat is St Augustine
$2,500
ArtWhat is St. Augustine
$4,300
St. Augustine

Final scores:

Art Bill Tove
$8,900 $6,900 $1,000
3-day champion: $38,599 2nd place: Keller Contemporary Classics oak dining furniture + Hale Indian River Groves fruit, nut, jams & cakes gift certificate + the Jeopardy! home game 3rd place: Robert H. Peterson Co. real fire gas logs & brass accessories + the Jeopardy! home game

Game dynamics:

Coryat scores:

Art Bill Tove
$6,100 $4,900 $900
22 R
(including 1 DD),
6 W
(including 1 DD)
16 R,
5 W
(including 1 DD)
6 R,
1 W

Combined Coryat: $11,900

[game clues] [game scores] [suggest correction]

Game tape date: 1994-12-06
The J! Archive is created by fans, for fans. Scraping, republication, monetization, and malicious use prohibited; this site may use cookies and collect identifying information. See terms. The Jeopardy! game show and all elements thereof, including but not limited to copyright and trademark thereto, are the property of Jeopardy Productions, Inc. and are protected under law. This website is not affiliated with, sponsored by, or operated by Jeopardy Productions, Inc. Join the discussion at JBoard.tv.